MARC details
| 000 -CABECERA |
| campo de control de longitud fija |
01219ngm a2200253 a 4500 |
| 005 - FECHA Y HORA DE LA ÚLTIMA TRANSACCIÓN |
| campo de control |
20240315063722.0 |
| 008 - ELEMENTOS DE LONGITUD FIJA--INFORMACIÓN GENERAL |
| campo de control de longitud fija |
011008s2000 mx r 000 0 spa d |
| 020 ## - NÚMERO INTERNACIONAL NORMALIZADO PARA LIBROS |
| Número Internacional Estándar del Libro |
9682992400 |
| 035 ## - NÚMERO DE CONTROL DEL SISTEMA |
| Número de control de sistema |
UPN01000112776 |
| 049 ## - COLECCIÓN |
| Colección |
AV |
| 099 ## - CLASIFICACIÓN LOCAL |
| Clasificación local |
PVI F 0960 |
| 245 00 - MENCIÓN DE TÍTULO |
| Título |
1920-1924 : |
| Resto del título |
México florido y espinado / |
| Mención de responsabilidad, etc. |
Realización Ricardo Pérez Montfort. |
| 260 ## - PUBLICACIÓN, DISTRIBUCIÓN, ETC. |
| Lugar de publicación, distribución, etc. |
México : |
| Nombre del editor, distribuidor, etc. |
ILCE, |
| Fecha de publicación, distribución, etc. |
[199-?]. |
| 300 ## - DESCRIPCIÓN FÍSICA |
| Extensión |
1 videocasete (VHS) (60 min.) : |
| Otras características físicas |
son., col. |
| 440 #0 - MENCIÓN DE SERIE/ASIENTO SECUNDARIO--TÍTULO |
| Título |
Siglo 20. |
| Nombre de parte o sección de la obra |
La vida en México ; |
| Designación de volumen o secuencia |
3 |
| 501 ## - NOTA DE "CON" |
| Nota de “Con” |
Con: 1924-1926 : los años locos |
| 520 ## - NOTA DE RESUMEN, ETC. |
| Sumario, etc. |
A ritmo de charleston el mundo ve el desarrollo de la aeronáutica y la industria militar. En México se fortalece el movimiento obrero, se impulsa la educación; Elias Calles llegó a la presidencia. En: 1924-1926 : los años locos, se describe el mundo del espectáculo popular. México define su rastro con el gabinete del presidente Calles |
| 651 #4 - ASIENTO SECUNDARIO DE MATERIA - NOMBRE GEOGRAFICO |
| Nombre geográfico |
MEXICO - |
| Subdivisión general |
HISTORIA - |
| Subdivisión cronológica |
REGIMEN OBREGONISTA, 1920-1924 |
| 9 (RLIN) |
24710 |
| 651 #4 - ASIENTO SECUNDARIO DE MATERIA - NOMBRE GEOGRAFICO |
| Nombre geográfico |
MEXICO - |
| Subdivisión general |
HISTORIA - |
| Subdivisión cronológica |
REGIMEN CALLISTA, 1924-1928 |
| 651 #4 - ASIENTO SECUNDARIO DE MATERIA - NOMBRE GEOGRAFICO |
| Nombre geográfico |
México |
| Subdivisión general |
Historia |
| Subdivisión cronológica |
Siglo XX |
| 9 (RLIN) |
4443 |
| 650 #4 - ASIENTO SECUNDARIO DE MATERIA - TERMINO TEMATICO |
| Término de materia o nombre geográfico como elemento de entrada |
HISTORIA MODERNA - |
| Subdivisión cronológica |
SIGLO XX |
| 9 (RLIN) |
14204 |
| 740 0# - ASIENTO SECUNDARIO - TÍTULOS RELACIONADOS /ANALITICOS NO CONTROLADOS |
| Título relacionado o analítico no controlado |
1924-1926 : los años locos |
| 905 ## - TIPO DE MATERIAL |
| Tipo de material |
Audiovisuales |